C how to program: (Record no. 35197)

MARC details
000 -LEADER
fixed length control field 00531nam a22001937a 4500
005 - DATE AND TIME OF LATEST TRANSACTION
control field 20240304140919.0
008 - FIXED-LENGTH DATA ELEMENTS--GENERAL INFORMATION
fixed length control field 240304b |||||||| |||| 00| 0 eng d
020 ## - INTERNATIONAL STANDARD BOOK NUMBER
ISBN 9789353062828
082 ## - DEWEY DECIMAL CLASSIFICATION NUMBER
Classification number 005.133
Item number DEI-H
100 ## - MAIN ENTRY--AUTHOR
Author Name Deitel, Paul.
245 ## - TITLE STATEMENT
Title C how to program:
Remainder of title With An Introduction To C++/
Statement of responsibility, etc. Hravey Deitel.
250 ## - EDITION STATEMENT
Edition statement 8th ed.
260 ## - PUBLICATION, DISTRIBUTION, ETC.
Place of Publication india:
Name of publisher, distributor, etc. pearsonl;
Date of publication, distribution, etc. 2018.
300 ## - PHYSICAL DESCRIPTION
Pages 1005 p:
500 ## - GENERAL NOTE
General note include index.
650 ## - SUBJECT ADDED ENTRY--TOPICAL TERM
Subject / Department computer science/Programming
700 ## - ADDED ENTRY--PERSONAL NAME
Personal name Harver Deitel
300 ## - PHYSICAL DESCRIPTION
-- 23 cm.
952 ## - LOCATION AND ITEM INFORMATION (KOHA)
-- 0
-- 0
952 ## - LOCATION AND ITEM INFORMATION (KOHA)
-- 0
-- 0
Holdings
Lost status Damaged status Collection code Permanent Location Current Location Shelving Location Date acquired Full Call Number Accession No./Barcode Date last seen Copy number item type Koha item type
    CS/IT Superior Information Resource Center (SIRC) Superior University- Gold Campus Superior Information Resource Center (SIRC) Superior University- Gold Campus Programming 03/04/2024 005.133 DEI-H 2018 16647 03/04/2024 1 BOOK BOOK
    CS/IT Superior Information Resource Center (SIRC) Superior University- Gold Campus Superior Information Resource Center (SIRC) Superior University- Gold Campus Programming 03/04/2024 005.133 DEI-H 2018 16645 10/10/2024 2 BOOK BOOK

Powered by Koha